International Symposium on Manganese in Soils and Plants : contributed papers : contributions to the International Symposium on "Manganese in Soils and Plants" held at the Waite Agricultural Research Institute, the University of Adelaide, Glen Osmond, South Australia, August 22-26, 1988, as an Australian Bicentennial event /

Bibliographic Details
Corporate Author: International Symposium on "Manganese in Soils and Plants" Waite Agricultural Research Institute
Other Authors: Webb, Michael J.
Format: Conference Proceeding Book
Language:English
Published: Adelaide : Manganese Symposium 1988 Inc., [1988]
Subjects:

MARC

Tag First Indicator Second Indicator Subfields
LEADER 00000cam a2200000 a 4500
001 in00001038921
005 20150928123503.0
008 890509s1988 at a b 100 0 eng d
020 |a 0731635272 
035 |a (OCoLC)19683356 
035 |9 AFG6237AM 
040 |a IPL  |c IPL  |d TXA  |d UtOrBLW 
049 |a TXAM 
090 |a S592.6.M35  |b I57 1988b 
092 |a 582.019214  |b In8pa, 1988 
111 2 |a International Symposium on "Manganese in Soils and Plants"  |d (1988 :  |c Waite Agricultural Research Institute) 
245 1 0 |a International Symposium on Manganese in Soils and Plants :  |b contributed papers : contributions to the International Symposium on "Manganese in Soils and Plants" held at the Waite Agricultural Research Institute, the University of Adelaide, Glen Osmond, South Australia, August 22-26, 1988, as an Australian Bicentennial event /  |c edited by Michael J. Webb [and others]. 
264 1 |a Adelaide :  |b Manganese Symposium 1988 Inc.,  |c [1988] 
264 4 |c ©1988 
300 |a xiii, 125 pages :  |b illustrations ;  |c 25 cm. 
336 |a text  |b txt  |2 rdacontent 
337 |a unmediated  |b n  |2 rdamedia 
338 |a volume  |b nc  |2 rdacarrier 
504 |a Includes bibliographies. 
650 0 |a Soils  |x Manganese content  |x Congresses. 
650 0 |a Plants  |x Effect of manganese on  |x Congresses. 
700 1 |a Webb, Michael J. 
999 |a MARS 
999 f f |s fff80d95-d9e5-3a8b-8b25-0c7a3fa548c7  |i febb122c-86a2-346e-aaed-81a852f07c33  |t 0 
952 f f |p ric  |a Texas A&M University  |b Rellis Campus  |c Joint Library Facility  |d Remote Storage  |t 0  |e S592.6.M35 I57 1988b  |h Library of Congress classification  |i unmediated -- volume  |m A14815370768 
998 f f |a S592.6.M35 I57 1988b  |t 0  |l Remote Storage